<The> Impact of National Environment of a Company on Its Financial Policy

Súčasný podnikateľský svet podlieha zmenám, ktoré sú zapríčinené rastom nestability podnikateľského prostredia na národnej i globálnej úrovni. Článok sa zaoberá národným prostredím, osobitne tou časťou sociálneho prostredia, ktorá najvýznamnejšie ovplyvňuje finančné rozhodovanie podnikov. Autorka an...

Descrizione completa

Salvato in:
Dettagli Bibliografici
Autore principale: Belanová, Katarína, 1978-
Natura: Capitolo di libro
Lingua:inglese
Soggetti:
Tags: Aggiungi Tag
Nessun Tag, puoi essere il primo ad aggiungerne!!

MARC

LEADER 00000naa a2200000 4500
001 0223769
005 20240502083556.6
041 0 |a eng 
044 |a HR 
245 1 0 |a <The> Impact of National Environment of a Company on Its Financial Policy  |c Katarína Belanová 
520 |a Súčasný podnikateľský svet podlieha zmenám, ktoré sú zapríčinené rastom nestability podnikateľského prostredia na národnej i globálnej úrovni. Článok sa zaoberá národným prostredím, osobitne tou časťou sociálneho prostredia, ktorá najvýznamnejšie ovplyvňuje finančné rozhodovanie podnikov. Autorka analyzuje vývoj základných makroekonomických ukazovateľov SR. Index ekonomickej slobody. 
610 2 0 |a spoločnosti 
610 2 0 |a podnik 
610 2 0 |a politika podniková 
610 2 0 |a politika finančná 
610 2 0 |a rozhodovanie finančné 
610 2 0 |a ukazovatele makroekonomické 
610 2 0 |a situácia hospodárska 
610 2 0 |a prostredie podnikateľské 
610 2 0 |a Slovensko 
100 1 |a Belanová, Katarína, 1978-